Sports - Statistics

General Stats
  • This quiz has been taken 31 times
  • The average score is 37 of 52
Answer Stats
Picture Answer % Correct
Tennis
100%
Baseball
97%
Basketball
97%
Bowling
97%
Boxing
97%
Golf
97%
Soccer
97%
Swimming
97%
Hockey
94%
Volleyball
94%
Badminton
90%
Chess
90%
Football
90%
Rugby
90%
Surfing
90%
Cycling
87%
Fencing
87%
Skiing
87%
Table Tennis
87%
Archery
84%
Skateboarding
84%
Snowboarding
84%
Wrestling
84%
Cricket
81%
Curling
81%
Sailing
81%
Ice Skating
77%
Sport Climbing
77%
Softball
74%
Weightlifting
74%
Taekwondo
71%
Bobsled
68%
Canoeing
68%
Handball
68%
Shooting
65%
Water Polo
65%
Car Racing
58%
Judo
58%
Rowing
58%
Lacrosse
55%
Equestrian
52%
Monster Truck
52%
Gymnastics
48%
Drag Racing
45%
Roller Skating
42%
Demolition Derby
35%
Athletics
32%
Squash
32%
Dirtbiking
19%
Formula One
19%
Off-Road Racing
13%
Rallying
3%
No matching quizzes found
Score Distribution
Percent of People with Each Score
Percentile by Number Answered
Your Score History
You have not taken this quiz